000 00236 a2200109 4500
001 68596
040 _cAnchieta - Itaigara
240 1 0 _aDragões de Komodo
_l
245 1 0 _aDragões de Komodo
650 4 _aGeografia e viagens
942 _cMX
999 _c68596
_d68596